| 000 | 01112 a2200169 4500 | ||
|---|---|---|---|
| 003 | Nust | ||
| 005 | 20221202110602.0 | ||
| 040 | _cNust | ||
| 082 | _a539.3,SMY | ||
| 100 |
_a Smyth, Henry De Wolf, _9103989 |
||
| 245 |
_aAtomic energy for military purposes / _c Henry DeWolf Smyth |
||
| 260 |
_aPrinceton, _b Princeton Univ. Press, _c 1948 [c1945] |
||
| 300 |
_avii, 308 p. _billus. 20 cm. |
||
| 505 | _aIntroduction (Page-1), Statement Of The Problem (Page-31), Administrative History Upto December 1941 (Page-45), Progress Upto December 1941 (Page-55), Administrative History 1942-1945 (Page-75), The Metallurgical Project At Chicago In 1942 (Page-88), The Plutonium Production Problem As Of February 1943 (Page-108), The Plutonium Problem, January 1943 To June 1945 (Page-130), General Discussion Of The Separation Of Isotopes (Page-154), The Separation Of The Uranium Isotopes By Gaseous Diffusion (Page-172), Electromagnetic Separation Of Uranium Isotopes (Page-187), The Work On The Atomic Bomb (Page-206), General Summary (Page-223). | ||
| 650 |
_aAtomic energy _9103961 |
||
| 942 |
_2ddc _cBK _k539.3,SMY |
||
| 999 |
_c184498 _d184498 |
||